000 00709cam a22002417a 4500
999 _c28596
_d28596
001 28596
003 AR-RoBPED
005 20220523112854.0
008 220519s1985 sp ||||| |||| 00| f spa d
020 _a8432205168
040 _aAR-RoBPED
041 _aspa
100 1 _913001
_aFuentes, Carlos
_d1928-2012
245 1 0 _aTerra nostra /
_cCarlos Fuentes
260 _aBarcelona :
_bSeix Barral,
_cc1985
300 _a783 p.
490 0 _a(Biblioteca Breve ;
_v667)
500 _aPortada : ilustración de Antonio Saura.
650 1 4 _93638
_aLITERATURA MEXICANA
650 1 4 _925
_aNOVELAS
942 _2udc
_ak. 28596
_cBK
_h860(72)-31
_mF 89 t
_nInv. 40042
945 _algc 19/05/2022 mev 23/05/2022